|
|
|
|
| LEADER |
00805nam a22002412a 4500 |
| 001 |
001700667 |
| 003 |
CZ BrMZK |
| 005 |
20231128125427.0 |
| 007 |
ta |
| 008 |
190808s1943 xo er|||||||||||slo d |
| 040 |
|
|
|a BOA001
|b cze
|e aacr2
|
| 100 |
1 |
|
|a Bednár, František
|4 aut
|
| 245 |
1 |
0 |
|a Svätý Stanislav Kostka vzor mládeže /
|c František Bednár ; úvodné slovo napísal Izidor Štefík
|
| 260 |
|
|
|a Trnava :
|b Fr. Urbánek a spol.,
|c 1943
|
| 300 |
|
|
|a 32 s.
|
| 490 |
1 |
|
|a Hrdinovia viery ;
|v XI, 13
|
| 550 |
|
|
|a Vydavatel: Posol BSJ Trnava
|
| 700 |
1 |
|
|a Štefík, Izidor,
|d 1907-1975
|7 jo2013749495
|4 wfw
|
| 830 |
|
0 |
|a Hrdinovia viery
|
| 910 |
|
|
|a BOA001
|b X-0258.125
|
| 990 |
|
|
|a BK
|
| 991 |
|
|
|b 201908
|
| 996 |
7 |
|
|b 2618813759
|c X-0258.125
|l MZK
|r Sklad / do 24 hodin
|n 0
|w 001747317
|u 000010
|a 1
|e BOA001
|j MZK50
|s A
|